Statistics for South America map quiz

Click here to take the quiz!

General Stats

  • This quiz has been taken 19 times
    (15 since last reset)
  • The average score is 10 of 12

Answers on the Map

Answers color-coded by a green-red scale on the quiz's map according to % correct below.
 

Answer Stats

Answer% Correct
Brazil
100%
Argentina
91%
Chile
91%
Bolivia
82%
Ecuador
82%
Peru
82%
Uruguay
82%
Venezuela
82%
Colombia
73%
Guyana
73%
Paraguay
73%
Suriname
73%

Score Distribution

Percentile by Number Answered

Percent of People with Each Score

Your Score History

You have not taken this quiz since the last reset